Harvey Shapiro's National Cold Storage Company Quiz Stats

 Plays Quiz not verified by Sporcle

Score 0/144 Timer 10:00
0 Plays Today
Answer % Correct
The
100%
Cold
100%
Storage
100%
Company
100%
the
100%
a
100%
the
100%
the
100%
the
100%
the
100%
the
100%
the
100%
The
100%
the
100%
the
100%
The
100%
the
100%
the
100%
the
100%
Cold
100%
Storage
100%
Company
100%
The
100%
the
100%
cold,
100%
the
100%
the
100%
a
100%
A
100%
the
100%
the
100%
National
50%
you
50%
can
50%
dream
50%
of.
50%
Hard
50%
by
50%
Brooklyn
50%
Bridge
50%
it
50%
stands
50%
In
50%
of
50%
to
50%
one
50%
side;
50%
other,
50%
Answer % Correct
traffic
50%
Of
50%
Expressway.
50%
I
50%
have
50%
into
50%
it
50%
in
50%
years
50%
for
50%
to
50%
national
50%
Grant's
50%
tomb,
50%
Civil
50%
War,
50%
Arlington,
50%
young
50%
President
50%
dead.
50%
Above
50%
and
50%
beneath
50%
stars
50%
poets
50%
on
50%
harp
50%
of
50%
Bridge.
50%
But
50%
see,
50%
They
50%
fall
50%
into
50%
National
50%
One
50%
by
50%
one.
50%
is
50%
too
50%
Or
50%
too
50%
or
50%
Bridge
50%
Is
50%
not
50%
harp
50%
at
50%
Answer % Correct
all.
50%
Or
50%
maybe
50%
inside
50%
be
50%
fed
50%
by
50%
ships,
50%
poems,
50%
Stars,
50%
all
50%
years
50%
of
50%
our
50%
lives.
50%
contains
0%
More
0%
things
0%
than
0%
litter
0%
freight
0%
cars,
0%
Tugs
0%
Long
0%
Island
0%
myself
0%
dropped
0%
seven
0%
Midnight
0%
tossings,
0%
plans
0%
escape,
0%
shakes.
0%
Add
0%
this
0%
total--
0%
warehouse
0%
creep
0%
wind
0%
off
0%
river
0%
times
0%
rough,
0%
monstrous
0%
birth
0%
warehouse
0%
Must
0%
everything--
0%

You're not logged in!

Compare scores with friends on all Sporcle quizzes.
OR
Log In

Sporcle TV

Today on Sporcle TV


Watch our educational content, quiz creation guides, and fun videos on Sporcle TV.

Show Comments

Extras

Top Quizzes Today


Score Distribution

Your Account Isn't Verified!

In order to create a playlist on Sporcle, you need to verify the email address you used during registration. Go to your Sporcle Settings to finish the process.

Report this User

Report this user for behavior that violates our Community Guidelines.

Details: